Reflexiones sobre la advertencia de ilegalidad y las infracciones urbanísticas / por Jaime Sánchez Isac
Publicado:
Barcelona :
Colegio Oficial de Secretarios, Interventores y Depositarios de Administración Local de Barcelona ,
1977
Descripción Física:
31 p. ; 23 cm
MARC
| LEADER | 00000nam a2200000Ia 4500 | ||
|---|---|---|---|
| 001 | 15065 | ||
| 008 | 160829s1977 xx 000 0 cat d | ||
| 080 | |a FU-33-65 | ||
| 100 | 1 | |a Sánchez Isac, Jaime |9 85 | |
| 245 | |a Reflexiones sobre la advertencia de ilegalidad y las infracciones urbanísticas / por Jaime Sánchez Isac | ||
| 260 | |a Barcelona : |b Colegio Oficial de Secretarios, Interventores y Depositarios de Administración Local de Barcelona, |c 1977 | ||
| 300 | |a 31 p. ; |c 23 cm | ||
| 650 | 0 | |a Administració local |x Dret i legislació |z Espanya |9 11255 | |
| 650 | |a Urbanisme |x Dret i legislació |x Espanya |9 25333 | ||
| 700 | |a Colegio Oficial de Secretarios, Interventores y Depositarios de Administración Local de Barcelona |9 25334 | ||
| 901 | |a Arxiu | ||
| 942 | |n 1 | ||
| 952 | |0 0 |1 0 |4 0 |6 FU3365 |7 1 |9 43564 |a Arxiu |b Arxiu |d 2016-12-01 |l 0 |o FU-33-65 |p 15065 |r 2016-12-01 00:00:00 |w 2016-12-01 |y ARXIU | ||
| 999 | |c 46111 |d 46111 | ||